|
|
|
|
| LEADER |
00000nam0a2200000 4500 |
| 001 |
24924 |
| 005 |
20231030200513.0 |
| 035 |
|
|
|a (RuTPU)RU\TPU\book\25157
|
| 035 |
|
|
|a BOOK00000010
|
| 090 |
|
|
|a 24924
|
| 100 |
|
|
|a 20011209d2000 k y0rusy50 ca
|
| 101 |
0 |
|
|a rus
|
| 102 |
|
|
|a RU
|
| 105 |
|
|
|a y z 000zy
|
| 200 |
1 |
|
|a Нелинейные модели и задачи динамики твердого тела с трением на плоскости
|f М. М. Ветюков
|g Санкт-Петербургский государственный горный институт им. Г. В. Плеханова (технический университет) (СПбГГИ (ТУ))
|
| 210 |
|
|
|a СПб.
|d 2000
|
| 215 |
|
|
|a 131 с.
|
| 610 |
1 |
|
|a колебания
|
| 610 |
1 |
|
|a твердые тела
|
| 610 |
1 |
|
|a нелинейные модели
|
| 610 |
1 |
|
|a плоскость
|
| 610 |
1 |
|
|a трение
|
| 610 |
1 |
|
|a динамика
|
| 610 |
1 |
|
|a сила трения
|
| 610 |
1 |
|
|a автоколебания
|
| 610 |
1 |
|
|a вибрация
|
| 610 |
1 |
|
|a горные машины
|
| 675 |
|
|
|a 534.1
|v 3
|
| 700 |
|
1 |
|a Ветюков
|b М. М.
|g Михаил Михайлович
|
| 712 |
0 |
2 |
|a Санкт-Петербургский государственный горный институт им. Г. В. Плеханова (технический университет) (СПбГГИ (ТУ))
|c (1991- )
|2 stltpush
|3 (RuTPU)RU\TPU\col\54
|
| 801 |
|
0 |
|a RU
|b 63413507
|c 20011209
|g PSBO
|
| 801 |
|
2 |
|a RU
|b 63413507
|c 20081226
|g PSBO
|
| 942 |
|
|
|c BK
|